Statistics for Western European Countries From Richest to Poorest

Click here to take the quiz!

General Stats

  • This quiz has been taken 35 times
  • The average score is 19 of 22

Answer Stats

GDPCountry% Correct
$203.000Monaco
100%
$180.360Liechtenstein
97%
$140.690Luxembourg
93%
$77.810Norway
93%
$64.750Austria
90%
$69.270Denmark
90%
$56.040France
90%
$62.920Germany
90%
$124.590Ireland
90%
$63.270Sweden
90%
$84.660Switzerland
90%
$54.650United Kingdom
90%
$68.570Netherlands
86%
$38.230Portugal
86%
$46.410Spain
86%
$61.587Belgium
83%
$58.010Finland
83%
$63.600Andorra
79%
$64.620Iceland
79%
$50.220Italy
79%
$70.140San Marino
79%
$55.300Malta
72%

Score Distribution

Percentile by Number Answered

Percent of People with Each Score

Your Score History

You have not taken this quiz